[Event "2nd IMSA Blitz w 2017"]
[Site "Huai'an CHN"]
[Date "2017.12.13"]
[Round "19.5"]
[White "Lagno, Kateryna"]
[Black "Tan, Zhongyi"]
[Result "1-0"]
[WhiteTitle "GM"]
[BlackTitle "GM"]
[WhiteElo "2547"]
[BlackElo "2517"]
[WhiteFideId "14109336"]
[BlackFideId "8603642"]
[EventDate "2017.12.12"]

1. e4 d6 2. d4 Nf6 3. Nc3 g6 4. Be3 c6 5. Qd2 Nbd7 6. Nf3 b5 7. e5 b4 8. exf6
bxc3 9. Qxc3 Nxf6 10. Qxc6+ Bd7 11. Qa6 Bg7 12. Bb5 O-O 13. Bxd7 Qxd7 14. O-O
Rab8 15. b3 Nd5 16. Qd3 e5 17. dxe5 Nxe3 18. Qxe3 dxe5 19. Rad1 Qc7 20. c4 f5
21. Rd5 e4 22. Nd4 Rbe8 23. Nb5 Qb8 24. Rd7 f4 25. Qc5 Qb6 26. Qd5+ Qe6 27.
Qxe6+ Rxe6 28. Nc7 Re5 29. Nd5 a5 30. Re1 h5 31. g3 fxg3 32. hxg3 h4 33. gxh4
Rf3 34. Re7 Rxe7 35. Nxe7+ Kf7 36. Nc6 Rf4 37. Kg2 Rxh4 38. Kg3 g5 39. a3 a4 40.
bxa4 e3 41. Rxe3 Rxc4 42. Nb4 Rc5 43. Rd3 Kg6 44. Rd5 Rc3+ 45. Kg4 Bf6 46. a5
Rxa3 47. Rb5 Ra4 48. Kf3 Bc3 49. Nc6 g4+ 50. Ke2 Ra2+ 51. Kd3 Bxa5 52. Nxa5 Rxf2
53. Ke3 Rf5 54. Rb6+ Kg5 55. Nc4 g3 56. Rb8 Rf6 57. Nd2 Kg4 58. Rg8+ Kh3 59. Ne4
Rf7 60. Ng5+ 1-0

[Event "2nd IMSA Blitz w 2017"]
[Site "Huai'an CHN"]
[Date "2017.12.13"]
[Round "20.1"]
[White "Dzagnidze, Nana"]
[Black "Harika, Dronavalli"]
[Result "1/2-1/2"]
[WhiteTitle "GM"]
[BlackTitle "GM"]
[WhiteElo "2522"]
[BlackElo "2504"]
[WhiteFideId "13601903"]
[BlackFideId "5015197"]
[EventDate "2017.12.12"]

1. Nf3 g6 2. c4 Bg7 3. g3 d6 4. Bg2 Nf6 5. O-O O-O 6. Nc3 e5 7. d3 h6 8. Rb1 a5
9. a3 c6 10. b4 axb4 11. axb4 Be6 12. c5 Na6 13. cxd6 Qxd6 14. b5 Nc7 15. Nd2
Nfd5 16. Nce4 Qe7 17. bxc6 bxc6 18. Bb2 f5 19. Nc3 Nxc3 20. Bxc3 Nd5 21. Ba1 Kh7
22. Nc4 e4 23. Bxg7 Qxg7 24. Qc2 Nc3 25. Rbc1 Bxc4 26. Qxc3 Qxc3 27. Rxc3 Bd5
28. dxe4 fxe4 29. Rb1 Rf7 30. h4 Raf8 31. Rf1 Ra8 32. Re3 Ra4 33. Rb1 Kg7 34.
Rc1 Rb4 35. Ra1 Rc4 36. Rb1 Ra4 37. Rc1 Rb4 38. Bh3 Ra4 39. Rec3 Ra2 40. R3c2
Rxc2 41. Rxc2 Kf6 42. e3 Ke5 43. Bg4 Ra7 44. Be2 g5 45. hxg5 hxg5 46. Kf1 Ra1+
47. Kg2 Ra2 48. Rxa2 Bxa2 49. Kf1 Kd5 50. Ke1 Kc5 51. Kd2 Kb4 52. Kc2 c5 53. Bh5
Bc4 54. Bg6 Bd3+ 55. Kd2 c4 56. Bf7 c3+ 57. Kc1 Kc5 58. Bg6 Kd5 59. Bh7 Kd6 60.
Bg6 Ke5 61. Bh7 Kd6 62. Bg6 Kd5 1/2-1/2

[Event "2nd IMSA Blitz w 2017"]
[Site "Huai'an CHN"]
[Date "2017.12.13"]
[Round "20.3"]
[White "Tan, Zhongyi"]
[Black "Paehtz, Elisabeth"]
[Result "1-0"]
[WhiteTitle "GM"]
[BlackTitle "IM"]
[WhiteElo "2517"]
[BlackElo "2464"]
[WhiteFideId "8603642"]
[BlackFideId "4641833"]
[EventDate "2017.12.12"]

1. d4 d5 2. c4 dxc4 3. Nf3 c6 4. e3 b5 5. a4 e6 6. axb5 cxb5 7. b3 Bb4+ 8. Bd2
Bxd2+ 9. Nbxd2 a5 10. bxc4 b4 11. Bd3 Nf6 12. O-O O-O 13. e4 Bb7 14. e5 Nfd7 15.
Ne4 Bxe4 16. Bxe4 Ra7 17. Qe2 a4 18. Rfb1 Qa5 19. d5 h6 20. Bc2 Nc5 21. Nd4 Rd7
22. d6 f6 23. Bxa4 Nxa4 24. Nxe6 Nc3 25. Rxa5 Nxe2+ 26. Kf1 Re8 27. Nc7 Nc3 28.
Nxe8 Nxb1 29. Ra8 Rd8 30. e6 Rxe8 31. d7 Rf8 32. Rxb8 Rxb8 33. e7 1-0

[Event "2nd IMSA Blitz w 2017"]
[Site "Huai'an CHN"]
[Date "2017.12.13"]
[Round "20.4"]
[White "Muzychuk, Mariya"]
[Black "Ushenina, Anna"]
[Result "0-1"]
[WhiteTitle "GM"]
[BlackTitle "GM"]
[WhiteElo "2544"]
[BlackElo "2416"]
[WhiteFideId "14114550"]
[BlackFideId "14110911"]
[EventDate "2017.12.12"]

1. e4 c5 2. Nf3 e6 3. d4 cxd4 4. Nxd4 Nc6 5. Nc3 Qc7 6. Be3 Nf6 7. f4 Bb4 8. Nb5
Qa5 9. e5 Nd5 10. Bd2 Nxc3 11. Bxc3 O-O 12. Qd2 f6 13. exf6 Rxf6 14. g3 d5 15.
Bxb4 Nxb4 16. Nd4 Qb6 17. c3 Nc6 18. O-O-O Nxd4 19. Qxd4 Qxd4 20. Rxd4 Bd7 21.
Bd3 Be8 22. Re1 Rc8 23. Kd2 Rc5 24. c4 Bf7 25. b4 Rc7 26. c5 a5 27. a3 Rc8 28.
Rc1 axb4 29. axb4 g5 30. b5 gxf4 31. Rxf4 Rh6 32. Rf2 e5 33. Bf5 Rc7 34. b6 Re7
35. Bc8 Be8 36. Rcf1 Bc6 37. h4 Kg7 38. Rf5 d4 39. Rg5+ Rg6 40. Rff5 e4 41.
Rxg6+ 0-1

[Event "2nd IMSA Blitz w 2017"]
[Site "Huai'an CHN"]
[Date "2017.12.13"]
[Round "20.5"]
[White "Ju, Wenjun"]
[Black "Zhao, Xue"]
[Result "0-1"]
[WhiteTitle "GM"]
[BlackTitle "GM"]
[WhiteElo "2567"]
[BlackElo "2477"]
[WhiteFideId "8603006"]
[BlackFideId "8601283"]
[EventDate "2017.12.12"]

1. d4 e6 2. Nf3 Nf6 3. Bf4 b6 4. e3 Bb7 5. Nbd2 d6 6. Bd3 Nbd7 7. Qe2 Qe7 8. Ba6
Bxa6 9. Qxa6 Qd8 10. O-O Be7 11. h3 O-O 12. Bg3 c5 13. a4 Qc8 14. Qxc8 Rfxc8 15.
c3 cxd4 16. exd4 a6 17. Rfe1 b5 18. axb5 axb5 19. Nb3 Nb6 20. Nfd2 Kf8 21. f3
Ke8 22. Kf1 Ra4 23. Bf2 Nfd5 24. g3 Rca8 25. Rxa4 Rxa4 26. Rb1 Kd7 27. Nc1 Bg5
28. f4 Bd8 29. Ke2 h5 30. h4 Nf6 31. Nd3 Nbd5 32. Rc1 Ra2 33. Be1 Ng4 34. Rb1
Bb6 35. Nc1 Ra8 36. Nd3 Ngf6 37. Rc1 Ng8 38. b3 Nde7 39. Nf3 Nf5 40. Rc2 Nge7
41. Bf2 Ra3 42. Rb2 Ra8 43. c4 Rc8 44. c5 Bc7 45. Ra2 f6 46. Nb4 Rb8 47. Ra6
dxc5 48. dxc5 Nd5 49. Nxd5 exd5 50. Nd4 Nxd4+ 51. Bxd4 Re8+ 52. Kd3 Re1 53. c6+
Kd6 54. b4 Rd1+ 55. Ke3 Re1+ 56. Kd2 Re8 57. Bc5+ Ke6 58. Ra7 Rc8 59. Rb7 Bd8
60. Rxb5 Rxc6 61. Rb7 g5 62. fxg5 fxg5 63. hxg5 Bxg5+ 64. Kd3 Bf6 65. Rh7 Rc8
66. Rxh5 Rg8 67. Rh3 Be5 68. Bf2 Rb8 69. Be1 Ra8 70. Rh6+ Kf5 71. Rh5+ Ke6 72.
g4 Ra3+ 73. Kc2 Ra2+ 74. Kb3 Re2 75. Bh4 Rg2 76. Rh6+ Kf7 77. Rh5 Ke6 78. Rh6+
Kf7 79. g5 Rh2 80. b5 Bg7 81. Rd6 Rxh4 82. Rxd5 Rh2 83. Kb4 Rb2+ 84. Ka5 Ke6 85.
Rc5 Bd4 86. Rc6+ Kd5 87. Ka6 Ra2+ 88. Kb7 Ra7+ 89. Kc8 Ra5 90. Kd7 Rxb5 91. Rd6+
Ke4 92. g6 Be5 93. Ra6 Kf5 94. Rc6 Rb7+ 95. Kc8 Rg7 96. Kd8 Bf6+ 97. Kc8 Rxg6
98. Kb7 Rg1 99. Rc5+ Be5 100. Kc6 Ke6 101. Rc2 Rg8 102. Kb5 Rb8+ 103. Kc4 Rb7
104. Kd3 Rd7+ 105. Ke4 Rd4+ 106. Ke3 Ra4 107. Rg2 Kf5 108. Rf2+ Bf4+ 109. Kd3
Kg4 110. Rf1 Ra8 111. Ke4 Re8+ 112. Kd3 Re7 113. Kd4 Kf5 114. Kd3 Rd7+ 115. Kc4
Ke4 116. Re1+ Be3 117. Re2 Rc7+ 118. Kb5 Kd3 119. Rg2 Bd4 120. Rg4 Rc8 121. Rh4
Be3 122. Rg4 Kc3 123. Rg3 Kd4 124. Rh3 Bg5 125. Rg3 Be7 126. Rh3 Bf6 127. Rh5
Be5 128. Rh7 Kd5 129. Rd7+ Bd6 130. Rb7 Rc1 131. Ka6 Rc2 132. Rb1 Be5 133. Rb5+
Ke6 134. Rb6+ Kd7 135. Rb1 Bc7 136. Kb5 Bd6 137. Kb6 Rc8 138. Rd1 Rb8+ 139. Ka5
Kc6 140. Ka4 Rb4+ 141. Ka5 Rb3 142. Rc1+ Bc5 143. Rc4 Ra3+ 144. Ra4 Rb3 145. Rc4
Rf3 146. Rh4 Ra3+ 147. Ra4 Bb6+ 148. Kb4 Bc5+ 149. Ka5 Rc3 150. Rh4 Rc1 151. Ka4
Rc3 152. Ka5 Rd3 153. Rg4 Rd8 154. Ka4 Rd3 155. Ka5 Bd6 156. Rc4+ Bc5 157. Rg4
Rd7 158. Ka4 Rb7 159. Rh4 Kd5 160. Rg4 Bd4 161. Ka5 Kc4 162. Rg6 Kc5 163. Rg5+
Kc4 164. Rg6 Bc5 165. Rg4+ Kd5 166. Rh4 Kc6 167. Ka4 Kd5 168. Rg4 Bd4 169. Ka5
Kc4 170. Rg6 Rb8 0-1

[Event "2nd IMSA Blitz w 2017"]
[Site "Huai'an CHN"]
[Date "2017.12.13"]
[Round "21.2"]
[White "Harika, Dronavalli"]
[Black "Ju, Wenjun"]
[Result "1-0"]
[WhiteTitle "GM"]
[BlackTitle "GM"]
[WhiteElo "2504"]
[BlackElo "2567"]
[WhiteFideId "5015197"]
[BlackFideId "8603006"]
[EventDate "2017.12.12"]

1. c4 g6 2. Nc3 Bg7 3. g3 Nf6 4. Bg2 O-O 5. e4 c5 6. Nge2 Nc6 7. O-O d6 8. a3
Bd7 9. Rb1 a5 10. d3 h6 11. h3 Ne8 12. Be3 Nd4 13. b4 axb4 14. axb4 Rb8 15. bxc5
dxc5 16. f4 b6 17. Kh2 Nc7 18. e5 Nf5 19. Bf2 h5 20. d4 cxd4 21. Nxd4 Nxd4 22.
Qxd4 Ne6 23. Qe3 Nc5 24. Rfd1 Re8 25. Nd5 Ba4 26. Rd2 Bd7 27. Rbd1 Qc8 28. Nxb6
Rxb6 29. Qxc5 Rc6 30. Bxc6 Bxc6 31. Qb6 h4 32. Rd8 hxg3+ 33. Bxg3 Qf5 34. Qxc6
Rxd8 35. Rxd8+ Kh7 36. Rd2 g5 37. Qf3 gxf4 38. Qxf4 Qg6 39. Qf3 Bh6 40. Rf2 Kg8
41. Rg2 Kf8 42. Qa8+ 1-0

[Event "2nd IMSA Blitz w 2017"]
[Site "Huai'an CHN"]
[Date "2017.12.13"]
[Round "21.3"]
[White "Zhao, Xue"]
[Black "Muzychuk, Mariya"]
[Result "1/2-1/2"]
[WhiteTitle "GM"]
[BlackTitle "GM"]
[WhiteElo "2477"]
[BlackElo "2544"]
[WhiteFideId "8601283"]
[BlackFideId "14114550"]
[EventDate "2017.12.12"]

1. c4 c5 2. Nf3 Nc6 3. Nc3 g6 4. d4 cxd4 5. Nxd4 Bg7 6. Nc2 Bxc3+ 7. bxc3 d6 8.
e4 Nf6 9. f3 Qc7 10. Ne3 Ne5 11. Be2 Be6 12. Qa4+ Qc6 13. Qb4 Rc8 14. Bd2 Nxc4
15. Nxc4 Bxc4 16. Bxc4 Qxc4 17. Qxb7 O-O 18. Qxa7 Rc5 19. Qxe7 Nxe4 20. fxe4 Re5
21. Qf6 Qxe4+ 22. Kd1 Qa4+ 23. Kc1 Qa3+ 24. Kc2 Qa4+ 25. Kc1 Qa3+ 26. Kc2 Qa4+
27. Kc1 Qa3+ 28. Kc2 1/2-1/2

[Event "2nd IMSA Blitz w 2017"]
[Site "Huai'an CHN"]
[Date "2017.12.13"]
[Round "21.5"]
[White "Dzagnidze, Nana"]
[Black "Muzychuk, Anna"]
[Result "0-1"]
[WhiteTitle "GM"]
[BlackTitle "GM"]
[WhiteElo "2522"]
[BlackElo "2582"]
[WhiteFideId "13601903"]
[BlackFideId "14111330"]
[EventDate "2017.12.12"]

1. Nf3 Nf6 2. c4 g6 3. b3 Bg7 4. Bb2 O-O 5. g3 d6 6. Bg2 e5 7. O-O Re8 8. Nc3 c6
9. d3 d5 10. cxd5 cxd5 11. Rc1 Nc6 12. Na4 d4 13. Nc5 Nd5 14. Nd2 b6 15. Nce4
Bb7 16. Nc4 Bf8 17. a4 Ncb4 18. Ned2 Rc8 19. Nf3 f6 20. Qd2 Na2 21. Ra1 Nac3 22.
e3 Bb4 23. exd4 exd4 24. Qh6 Bf8 25. Qh4 Nb4 26. Kh1 Nxd3 27. Qxd4 Qxd4 28. Nxd4
Bxg2+ 29. Kxg2 Rxc4 30. bxc4 Nxb2 31. a5 Nxc4 32. Rfc1 Bb4 33. Nc6 bxa5 34. Nxb4
axb4 35. Rxa7 Rb8 36. Rc7 Ne5 37. Ra1 Nd5 38. Rca7 Nc6 39. Ra8 Rxa8 40. Rxa8+
Kf7 41. Rc8 Nde7 42. Rc7 Ke6 43. Kf3 Kd5 44. Ke3 Kc4 45. Kd2 b3 46. h4 h5 47.
Rb7 Nd5 48. Rg7 Nd4 49. Rb7 Nb4 50. Kc1 Nd3+ 51. Kb1 Nxf2 52. Rc7+ Kd5 53. Rg7
Nd3 54. Rxg6 Ne2 55. Rxf6 Nc3+ 0-1

[Event "2nd IMSA Blitz w 2017"]
[Site "Huai'an CHN"]
[Date "2017.12.13"]
[Round "22.1"]
[White "Tan, Zhongyi"]
[Black "Zhao, Xue"]
[Result "1/2-1/2"]
[WhiteTitle "GM"]
[BlackTitle "GM"]
[WhiteElo "2517"]
[BlackElo "2477"]
[WhiteFideId "8603642"]
[BlackFideId "8601283"]
[EventDate "2017.12.12"]

1. d4 e6 2. c4 Bb4+ 3. Bd2 a5 4. g3 d6 5. Bg2 e5 6. a3 Bxd2+ 7. Qxd2 Nc6 8.
Bxc6+ bxc6 9. dxe5 dxe5 10. Qxd8+ Kxd8 11. Nc3 Nf6 12. Nf3 Nd7 13. O-O-O Ke7 14.
Nd2 f6 15. Kc2 a4 16. Nde4 Ba6 17. Nxa4 Bxc4 18. Nac5 Nb6 19. Rd2 Bd5 20. Rhd1
Ra5 21. f3 f5 22. b4 Rxa3 23. Nc3 Rha8 24. e4 fxe4 25. fxe4 Bf7 26. Rd7+ Nxd7
27. Rxd7+ Kf6 28. Rxc7 Be8 29. h4 h5 30. b5 Rxc3+ 31. Kxc3 cxb5 32. Rb7 Ra3+ 33.
Kb4 Rxg3 34. Rb8 Ke7 35. Rb7+ Kd6 36. Rb6+ Ke7 37. Re6+ Kf8 38. Rxe5 Rg4 39.
Ne6+ Kf7 40. Ng5+ Kf8 41. Ne6+ Kg8 42. Nxg7 Bg6 43. Nf5 Bxf5 44. Rxf5 Rxe4+ 45.
Kxb5 Rxh4 46. Kc5 Kg7 47. Kd5 Kg6 48. Rf8 Kg7 49. Rf1 Rg4 50. Ke5 Kg6 51. Rf8
Kg5 52. Rh8 Rg3 53. Ke4 Kg4 54. Rg8+ Kh3 55. Ra8 h4 56. Kf4 Rg2 57. Rh8 Rg1 58.
Kf3 Rg3+ 59. Kf2 Rg7 60. Kf1 Rg4 61. Kf2 Kh2 62. Rf8 Ra4 63. Rg8 h3 64. Kf1 Ra2
65. Rg7 Rg2 66. Ra7 Rg4 67. Kf2 Rf4+ 68. Ke3 Rf5 69. Rg7 Rf6 70. Ke2 Kh1 71. Rg3
Re6+ 72. Kf2 Rf6+ 73. Ke2 Kh2 74. Rg5 Rf4 75. Rg6 Ra4 76. Kf2 Ra1 77. Rg7 Ra2+
78. Kf1 Rb2 79. Rg6 Rb4 80. Rg7 Rf4+ 81. Ke2 Rf8 82. Rg6 Rf7 83. Rg5 Ra7 84. Kf2
Ra2+ 85. Kf1 Rg2 86. Rf5 Kg3 87. Rg5+ Kh2 88. Rf5 Rg1+ 89. Kf2 Rg2+ 90. Kf1 Rg8
91. Kf2 Kh1 92. Rf7 Rg2+ 93. Kf1 Rg1+ 94. Kf2 h2 95. Rh7 Rg8 96. Rh6 Rf8+ 97.
Ke2 Rf5 98. Rg6 Rf4 99. Rg7 Rf6 100. Rg8 Ra6 101. Kf2 Ra2+ 102. Kf1 Ra1+ 103.
Kf2 Rg1 104. Rh8 Rg4 105. Rf8 Rg7 106. Rh8 Rf7+ 107. Ke2 Re7+ 108. Kf2 Rf7+ 109.
Ke2 Rf4 110. Ke3 Rf6 111. Ke2 Rf5 112. Rg8 Rf4 113. Rg7 Ra4 114. Kf2 Ra2+ 115.
Kf1 Ra1+ 116. Kf2 Rg1 117. Rh7 Rg4 118. Rf7 Re4 119. Rg7 Rf4+ 120. Ke2 Rf5 121.
Rg8 1/2-1/2

[Event "2nd IMSA Blitz w 2017"]
[Site "Huai'an CHN"]
[Date "2017.12.13"]
[Round "22.4"]
[White "Muzychuk, Anna"]
[Black "Lagno, Kateryna"]
[Result "1/2-1/2"]
[WhiteTitle "GM"]
[BlackTitle "GM"]
[WhiteElo "2582"]
[BlackElo "2547"]
[WhiteFideId "14111330"]
[BlackFideId "14109336"]
[EventDate "2017.12.12"]

1. e4 c5 2. Nf3 d6 3. Bb5+ Nd7 4. O-O a6 5. Bd3 Ngf6 6. c3 b5 7. Bc2 Bb7 8. Re1
c4 9. a4 g6 10. axb5 axb5 11. Rxa8 Qxa8 12. Na3 Bc6 13. d3 Bg7 14. dxc4 bxc4 15.
Nxc4 Bxe4 16. Bxe4 Nxe4 17. Ng5 d5 18. Nxe4 dxe4 19. Qxd7+ Kxd7 20. Nb6+ Kc6 21.
Nxa8 Rxa8 22. Rxe4 Ra1 23. Re1 Rb1 24. Kf1 Kd5 25. Bg5 Rxb2 26. Rxe7 Bxc3 27.
Rxf7 h5 28. g3 Ra2 29. Be3 Ke6 30. Rf8 Bg7 31. Rf3 Ra1+ 32. Kg2 Ra2 33. h3 Rc2
34. g4 hxg4 35. hxg4 Rc4 36. Kh3 Be5 37. Bg5 Rc3 38. Be3 Rc8 39. Kh4 Bf6+ 40.
Kg3 Be5+ 41. Kg2 Rc4 42. Kh3 Rc8 43. Bg5 Rh8+ 44. Kg2 Rh2+ 45. Kf1 Rh1+ 46. Kg2
Rh2+ 47. Kg1 Rh7 48. Re3 Kd5 49. Kg2 Rh2+ 50. Kg1 Rh7 51. Kg2 Rh2+ 52. Kf1 Rh1+
53. Ke2 Rg1 54. f4 Bd4 55. Re8 Rxg4 56. Kf3 Rg1 57. Rd8+ Kc4 58. Rd6 Rf1+ 59.
Kg2 Rg1+ 60. Kf3 Rf1+ 61. Kg2 Rg1+ 62. Kh2 Rxg5 63. Rxd4+ Kxd4 64. fxg5 Ke4 65.
Kg3 Kf5 66. Kh4 Kf4 67. Kh3 Kxg5 68. Kg3 1/2-1/2

[Event "2nd IMSA Blitz w 2017"]
[Site "Huai'an CHN"]
[Date "2017.12.13"]
[Round "22.5"]
[White "Muzychuk, Mariya"]
[Black "Harika, Dronavalli"]
[Result "1-0"]
[WhiteTitle "GM"]
[BlackTitle "GM"]
[WhiteElo "2544"]
[BlackElo "2504"]
[WhiteFideId "14114550"]
[BlackFideId "5015197"]
[EventDate "2017.12.12"]

1. e4 d6 2. d4 Nf6 3. Nc3 g6 4. Bg5 Nbd7 5. Nf3 h6 6. Bf4 Bg7 7. Qd2 c6 8. h3
Qa5 9. Bd3 e5 10. dxe5 dxe5 11. Be3 Qc7 12. a4 b6 13. O-O Bb7 14. Rad1 Rd8 15.
Qc1 Nh5 16. Ne2 Nc5 17. Bxc5 bxc5 18. Qe3 Qe7 19. Nd2 Nf4 20. Nb3 Ne6 21. Bc4
Nd4 22. c3 Nxb3 23. Bxb3 O-O 24. Bc4 Kh7 25. Nc1 Rfe8 26. Nd3 Bf8 27. f4 exf4
28. Rxf4 f6 29. Rdf1 Bg7 30. Nxc5 Bc8 31. Qf2 Rd6 32. Rf3 Red8 33. Rd3 Rxd3 34.
Bxd3 Bf8 35. b4 Qe5 36. Be2 Kg7 37. Qe3 a5 38. Rd1 Rxd1+ 39. Bxd1 f5 40. Bf3
axb4 41. cxb4 Bxc5 42. Qxc5 Qxc5+ 43. bxc5 Kf6 44. exf5 gxf5 45. Bxc6 Ke5 46.
Bb5 Kd5 47. c6 Kc5 48. Kf2 Kb6 49. Ke3 Be6 50. Kf4 Bd5 51. g3 Be6 52. Ke5 Bc8
53. h4 Kc7 54. Kf6 Kb6 55. Kg6 1-0

[Event "2nd IMSA Blitz w 2017"]
[Site "Huai'an CHN"]
[Date "2017.12.13"]
[Round "22.6"]
[White "Ju, Wenjun"]
[Black "Dzagnidze, Nana"]
[Result "1-0"]
[WhiteTitle "GM"]
[BlackTitle "GM"]
[WhiteElo "2567"]
[BlackElo "2522"]
[WhiteFideId "8603006"]
[BlackFideId "13601903"]
[EventDate "2017.12.12"]

1. d4 d5 2. Nf3 Nf6 3. Bf4 c5 4. e3 Nc6 5. Nbd2 e6 6. c3 Bd6 7. Bg3 O-O 8. Bb5
Bxg3 9. hxg3 Qd6 10. Bxc6 bxc6 11. Ne5 cxd4 12. exd4 c5 13. g4 cxd4 14. cxd4 h6
15. g5 hxg5 16. Qf3 g4 17. Qf4 Rd8 18. Rh8+ Kxh8 19. Nxf7+ Kg8 20. Nxd6 Ba6 21.
O-O-O Rab8 22. Qe5 Bc8 1-0